| 000 | 00429nam a2200169Ia 4500 | ||
|---|---|---|---|
| 003 | LK-CoDNM | ||
| 005 | 20241209094705.0 | ||
| 008 | 010623t1972 xxu||||| |||| 00| 1 eng d | ||
| 040 |
_aLK-CoDNM _dLK-CoDNM _eLK-CoDNM |
||
| 041 | _aeng | ||
| 080 |
_a294.3:726.1 _bDEH |
||
| 100 | _aDehejia,Vidya. | ||
| 245 | _aEarly Buddhist Rock Temples | ||
| 260 |
_bThames Hudson _c1972 |
||
| 300 | _b240p. : ILL ; 24 cm | ||
| 942 | _cBK | ||
| 999 |
_c108709 _d108709 |
||